Evangelicals at the ballot box
| Main Author: | |
|---|---|
| Format: | Print Book |
| Language: | English |
| Subito Delivery Service: | Order now. |
| Check availability: | HBZ Gateway |
| WorldCat: | WorldCat |
| Interlibrary Loan: | Interlibrary Loan for the Fachinformationsdienste (Specialized Information Services in Germany) |
| Published: |
Amherst, NY
Prometheus Books
1996
|
| In: | Year: 1996 |
| Standardized Subjects / Keyword chains: | B
USA
/ Protestantism
/ Politics
B Evangelical movement / Election behavior / History 1976-1994 |
| Further subjects: | B
Evangelist
B Usa B Christianity and politics B Evangelicalism (United States) B Christian Sects Political activity (United States) B Christianity |
MARC
| LEADER | 00000cam a2200000 c 4500 | ||
|---|---|---|---|
| 001 | 213551284 | ||
| 003 | DE-627 | ||
| 005 | 20251222205200.0 | ||
| 007 | tu | ||
| 008 | 960805s1996 xxu||||| 00| ||eng c | ||
| 010 | |a 96022931 | ||
| 020 | |a 1573920932 |c cloth : USD 35,98 (alk. paper) |9 1-57392-093-2 | ||
| 035 | |a (DE-627)213551284 | ||
| 035 | |a (DE-576)092321534 | ||
| 035 | |a (DE-599)GBV213551284 | ||
| 035 | |a (OCoLC)260001987 | ||
| 035 | |a (OCoLC)34984084 | ||
| 035 | |a (DE-H357)his2474 | ||
| 040 | |a DE-627 |b ger |c DE-627 |e rakwb | ||
| 041 | |a eng | ||
| 044 | |c XD-US | ||
| 050 | 0 | |a BR1642.U5 | |
| 050 | 0 | |a BR1642.U5M46 1996 | |
| 082 | 0 | |a 324.973/00882 |q LOC |2 20 | |
| 084 | |a 1 |2 ssgn | ||
| 100 | 1 | |a Menendez, Albert J. |4 aut | |
| 245 | 1 | 0 | |a Evangelicals at the ballot box |c Albert J. Menendez |
| 264 | 1 | |a Amherst, NY |b Prometheus Books |c 1996 | |
| 300 | |a 340 S. |b Kt. |c 24 cm | ||
| 336 | |a Text |b txt |2 rdacontent | ||
| 337 | |a ohne Hilfsmittel zu benutzen |b n |2 rdamedia | ||
| 338 | |a Band |b nc |2 rdacarrier | ||
| 500 | |a Includes bibliographical references (p. 315 - 333) and index | ||
| 583 | 1 | |a Archivierung prüfen |c 20200919 |f DE-640 |z 1 |2 pdager | |
| 583 | 1 | |a Archivierung/Langzeitarchivierung gewährleistet |f SSG |x XA-DE-BW |2 pdager |5 DE-21 | |
| 601 | |a Evangeliar | ||
| 650 | 0 | |a Evangelicalism |z United States | |
| 650 | 0 | |a Christian Sects |x Political activity |z United States | |
| 650 | 0 | |a Christianity and politics | |
| 650 | 4 | |a Usa | |
| 650 | 4 | |a Christentum | |
| 650 | 4 | |a Evangelist | |
| 689 | 0 | 0 | |d g |0 (DE-588)4078704-7 |0 (DE-627)106076612 |0 (DE-576)209209682 |2 gnd |a USA |
| 689 | 0 | 1 | |d s |0 (DE-588)4047538-4 |0 (DE-627)106194321 |0 (DE-576)20907387X |2 gnd |a Protestantismus |
| 689 | 0 | 2 | |d s |0 (DE-588)4046514-7 |0 (DE-627)104152206 |0 (DE-576)209069945 |2 gnd |a Politik |
| 689 | 0 | |5 (DE-627) | |
| 689 | 1 | 0 | |d s |0 (DE-588)4153245-4 |0 (DE-627)105532347 |0 (DE-576)209801883 |2 gnd |a Evangelikale Bewegung |
| 689 | 1 | 1 | |d s |0 (DE-588)4079009-5 |0 (DE-627)106075780 |0 (DE-576)209210702 |2 gnd |a Wahlverhalten |
| 689 | 1 | 2 | |q z |2 gnd |a Geschichte 1976-1994 |
| 689 | 1 | |5 (DE-627) | |
| 935 | |a mteo | ||
| 935 | |i Blocktest | ||
| 951 | |a BO | ||
| ELC | |b 1 | ||
| ITA | |a 1 |t 1 | ||
| LOK | |0 000 xxxxxcx a22 zn 4500 | ||
| LOK | |0 001 3216140482 | ||
| LOK | |0 003 DE-627 | ||
| LOK | |0 004 213551284 | ||
| LOK | |0 005 20010810000000 | ||
| LOK | |0 008 010710||||||||||||||||ger||||||| | ||
| LOK | |0 040 |a DE-21 |c DE-627 |d DE-21 | ||
| LOK | |0 852 |a DE-21 | ||
| LOK | |0 852 1 |c 41 A 6443 |9 00 | ||
| LOK | |0 935 |a theo | ||
| LOK | |0 936ln |a t4.13 | ||
| LOK | |0 939 |a 10-07-01 |b l01 | ||
| ORI | |a SA-MARC-ixtheoa001.raw | ||
| REL | |a 1 | ||
| STA | 0 | 0 | |a Christianity,Christian world view,World view,Christian ideology,Election behavior,Electoral behavior,Voter behavior,Evangelical movement,Evangelist,Evangelist,Politics,Politics and government,Politics, Practical,Politics in art,Protestantism,Protestantism,USA,USA,Middle West,USA,USA,USA,USA,USA,America,Confederate States of America,Midwest |
| STB | 0 | 0 | |a Christianisme,Christianisme,Comportement électoral,Mouvement évangélique,Politique,Politique,Pratiques politiques,Protestantisme,Protestantisme,Évangéliste,Évangéliste |
| STC | 0 | 0 | |a Comportamiento electoral,Cristianismo,Cristianismo,Cristiandad,Cristiandad,Cristiandad (Motivo),Cristiandad,Evangelista,Evangelista,Movimiento evangelical,Política,Política,Protestantismo,Protestantismo |
| STD | 0 | 0 | |a Comportamento elettorale,Comportamento dell'elettorato,Comportamento dell'elettorato,Cristianesimo,Cristianesimo,Evangelista,Evangelista,Movimento evangelicale,Politica,Politica,Protestantesimo,Protestantesimo |
| STE | 0 | 0 | |a 基督教,基督教,基督教世界观,基督新教,基督新教,抗罗宗,更正教,抗罗宗,更正教,政治,政治,福音传道者,福音传道者,福音传教士,传福音者,福音传教士,传福音者,福音派运动,福音派,选举行为,投票行为 |
| STF | 0 | 0 | |a 基督教,基督教,基督教世界觀,基督新教,基督新教,抗羅宗,更正教,抗羅宗,更正教,政治,政治,福音傳道者,福音傳道者,福音傳教士,傳福音者,福音傳教士,傳福音者,福音派運動,福音派,選舉行為,投票行為 |
| STG | 0 | 0 | |a Comportamento eleitoral,Cristianismo,Cristianismo,Cristandade,Cristandade,Cristandade (Motivo),Cristandade,Evangelista,Evangelista,Movimento evangelical,Política,Política,Protestantismo,Protestantismo |
| STH | 0 | 0 | |a Евангелист (мотив),Евангелист,Евангельское движение,Политика (мотив),Политика,Протестантизм,Протестантизм,Протестантство,Протестантство (мотив),Христианство (мотив),Христианство,Электоральное поведение |
| STI | 0 | 0 | |a Εκλογική συμπεριφορά,Ευαγγελικό κίνημα,Ευαγγελιστής (μοτίβο),Ευαγγελιστής,Πολιτική (μοτίβο),Πολιτική,Προτεσταντισμός (μοτίβο),Προτεσταντισμός,Χριστιανισμός (μοτίβο),Χριστιανισμός |
| SUB | |a REL | ||
| SYE | 0 | 0 | |a Christianity,Christliche Mission,Missionierung,Christenheit,Christianitas,Christliche Religion,Christliche Weltanschauung |
| SYG | 0 | 0 | |a United States,United States of America,Vereinigte Staaten,Vereinigte Staaten von Amerika , United States of America,Vereinigte Staaten von Amerika,Amerika <USA>,United States of America,Vereinigte Staaten von Amerika,Amerika <USA>,USA,USA,Nord,Nördliche Vereinigte Staaten,Nordwestamerika,USA,Nordwest,Pazifischer Nordwesten,Mittlerer Westen,USA,Middle West,Mittelwesten,Midwest,USA,Nordost,Nordöstliche Vereinigte Staaten,USA,Südost,Südöstliche Vereinigte Staaten,USA,Ost,Östliche Vereinigte Staaten,Südwestliche USA,USA,Südweststaaten,Südwestliche Vereinigte Staaten,USA,Südwest,USA,West,Westliche Vereinigte Staaten,Nordamerikanische Südstaaten,Konföderierte Staaten von Amerika,Confederate States of America,Südliche Vereinigte Staaten,Südatlantische Staaten,Südöstliche Staaten,United States of America,Vereinigte Staaten von Amerika,Nordamerika,Amerika,United States,United States of America,Etats Unis,Etats-Unis,Vereinigte Staaten,Estados Unidos de America,EEUU,Vereinigte Staaten von Nordamerika,Soedinennye Štaty Ameriki,SŠA,Stany Zjednoczone Ameryki Północnej,Hēnōmenai Politeiai tēs Boreiu Amerikēs,Hēnōmenes Politeies tēs Amerikēs,HēPA,Ēnōmenes Politeies tēs Amerikēs,ĒPA,Meiguo,Etats-Unis d'Amérique,US , Protestantism,Calvinismus,Evangelicalism,Evangelismus,Hugenotten,Lutheraner,Mennoniten,Pietismus,Puritans , Staatspolitik,Politische Lage,Politische Entwicklung,Politics,Public policy,Staatspolitik,Politische Lage,Politische Entwicklung,Politische Situation , Evangelikalismus , Wählerverhalten,Wähler,Wahl,Wahlentscheidung |
| TIM | |a 100019760101_100019941231 |b Geschichte 1976-1994 | ||



